BSOP header

Schaum's outline of theory and problems of introduction to psychology (Record no. 50714)

MARC details
000 -LEADER
fixed length control field 01324cam a2200373 4500
001 - CONTROL NUMBER
control field 00641965
003 - CONTROL NUMBER IDENTIFIER
control field OCoLC
005 - DATE AND TIME OF LATEST TRANSACTION
control field 20250221150257.0
006 - FIXED-LENGTH DATA ELEMENTS--ADDITIONAL MATERIAL CHARACTERISTICS--GENERAL INFORMATION
fixed length control field m u
007 - PHYSICAL DESCRIPTION FIXED FIELD--GENERAL INFORMATION
fixed length control field cr cn-
008 - FIXED-LENGTH DATA ELEMENTS--GENERAL INFORMATION
fixed length control field 020330s2001 nyua s 001 0 eng d
020 ## - INTERNATIONAL STANDARD BOOK NUMBER
International Standard Book Number 0071400087 (electronic bk.)
040 ## - CATALOGING SOURCE
Original cataloging agency N
Transcribing agency N
Modifying agency OCLCQ
049 ## - LOCAL HOLDINGS (OCLC)
Holding library AMFA
100 1# - MAIN ENTRY--PERSONAL NAME
Personal name Wittig, Arno F.
245 10 - TITLE STATEMENT
Title Schaum's outline of theory and problems of introduction to psychology
Medium [electronic resource] /
Statement of responsibility, etc Arno F. Wittig.
246 30 - VARYING FORM OF TITLE
Title proper/short title Theory and problems of introduction to psychology.
246 30 - VARYING FORM OF TITLE
Title proper/short title Introduction to psychology.
250 ## - EDITION STATEMENT
Edition statement 2nd ed.
260 ## - PUBLICATION, DISTRIBUTION, ETC. (IMPRINT)
Place of publication, distribution, etc New York :
Name of publisher, distributor, etc McGraw-Hill,
Date of publication, distribution, etc c2001.
300 ## - PHYSICAL DESCRIPTION
Extent 1 online resource
336 ## - CONTENT TYPE
Content Type Term text
337 ## - MEDIA TYPE
Media Type Term computer
338 ## - CARRIER TYPE
Carrier Type Term online resource
490 0# - SERIES STATEMENT
Series statement Schaum's outline series.
500 ## - GENERAL NOTE
General note Includes index.
533 ## - REPRODUCTION NOTE
Type of reproduction Electronic reproduction.
Place of reproduction Boulder, Colo. :
Agency responsible for reproduction NetLibrary,
Date of reproduction 2002.
Note about reproduction Available via World Wide Web.
-- Access may be limited to NetLibrary affiliated libraries.
650 #0 - SUBJECT ADDED ENTRY--TOPICAL TERM
Topical term or geographic name as entry element Psychology
Form subdivision Outlines, syllabi, etc.
655 #7 - INDEX TERM--GENRE/FORM
Genre/form data or focus term Electronic books.
Source of term local.
710 2# - ADDED ENTRY--CORPORATE NAME
Corporate name or jurisdiction name as entry element NetLibrary, Inc.
776 1# - ADDITIONAL PHYSICAL FORM ENTRY
Qualifying information Original
International Standard Book Number 0071400087
Record control number (DLC) 00050048.
856 4# - ELECTRONIC LOCATION AND ACCESS
Uniform Resource Identifier <a href="https://drive.google.com/file/d/12zAKjCrK8vG7haUYq2boIZXGsZeuxPlf/view?usp=sharing">https://drive.google.com/file/d/12zAKjCrK8vG7haUYq2boIZXGsZeuxPlf/view?usp=sharing</a>
942 ## - ADDED ENTRY ELEMENTS (KOHA)
Source of classification or shelving scheme Library of Congress Classification
Item type eBooks
Holdings
Withdrawn status Lost status Source of classification or shelving scheme Damaged status Not for loan Home library Current library Date acquired Inventory number Total Checkouts Date last seen Price effective from Koha item type
    Library of Congress Classification     BSOP Library Digital Library 05/07/2024 eB-00035   05/07/2024 05/07/2024 eBooks
BSOP

Biblical Seminary of the Philippines
  All rights Reserved
  © 2024

CONTACT INFORMATION

Biblical Seminary of the Philippines,
  77-B Karuhatan Road, Valenzuela City,
  PHILIPPINES 1441
  Phone: +632 8292-6795 / 8292-6798
  Fax : +632 8292-6675
  Email: library@bsop.edu.ph